Country Logic Puzzle by Scambigol #28 - Statistics

General Stats
  • This quiz has been taken 133 times
  • The average score is 22 of 154
Answers on the Map
Answers color-coded by a green-red scale on the quiz's map according to % correct below.
 
Answer Stats
Country % Correct
Andorra
68%
East Timor
68%
Indonesia
68%
Papua New Guinea
68%
France
66%
Italy
66%
Monaco
63%
San Marino
63%
Vatican City
63%
Ireland
50%
Portugal
50%
Qatar
50%
Saudi Arabia
50%
Spain
50%
United Kingdom
50%
Oman
47%
Argentina
32%
Bolivia
32%
Brazil
32%
Paraguay
32%
Uruguay
32%
Belize
29%
Canada
29%
Chile
29%
Colombia
29%
Costa Rica
29%
Denmark
29%
Ecuador
29%
El Salvador
29%
Guatemala
29%
Guyana
29%
Honduras
29%
Mexico
29%
Nicaragua
29%
Panama
29%
Peru
29%
Suriname
29%
United States
29%
Venezuela
29%
Bangladesh
24%
Myanmar
24%
United Arab Emirates
24%
Yemen
24%
Cambodia
21%
Laos
21%
Thailand
21%
Vietnam
21%
Brunei
18%
Malaysia
18%
Bhutan
16%
China
16%
Finland
16%
India
16%
Mongolia
16%
Nepal
16%
North Korea
16%
Norway
16%
Russia
16%
South Korea
16%
Sweden
16%
Estonia
13%
Latvia
13%
Eswatini
11%
Lesotho
11%
Mozambique
11%
South Africa
11%
Angola
8%
Belarus
8%
Botswana
8%
Cameroon
8%
Democratic Republic of the Congo
8%
Equatorial Guinea
8%
Gabon
8%
Lithuania
8%
Malawi
8%
Namibia
8%
Poland
8%
Republic of the Congo
8%
Zambia
8%
Zimbabwe
8%
Moldova
5%
Romania
5%
Serbia
5%
Ukraine
5%
Austria
3%
Belgium
3%
Bosnia and Herzegovina
3%
Croatia
3%
Gambia
3%
Germany
3%
Liechtenstein
3%
Luxembourg
3%
Montenegro
3%
Netherlands
3%
Senegal
3%
Switzerland
3%
Afghanistan
0%
Albania
0%
Algeria
0%
Armenia
0%
Azerbaijan
0%
Benin
0%
Bulgaria
0%
Burkina Faso
0%
Burundi
0%
Central African Republic
0%
Chad
0%
Czech Republic
0%
Djibouti
0%
Egypt
0%
Eritrea
0%
Ethiopia
0%
Georgia
0%
Ghana
0%
Greece
0%
Guinea
0%
Guinea-Bissau
0%
Hungary
0%
Iran
0%
Iraq
0%
Israel
0%
Ivory Coast
0%
Jordan
0%
Kazakhstan
0%
Kenya
0%
Kosovo
0%
Kuwait
0%
Kyrgyzstan
0%
Lebanon
0%
Liberia
0%
Libya
0%
Mali
0%
Mauritania
0%
Morocco
0%
Niger
0%
Nigeria
0%
North Macedonia
0%
Pakistan
0%
Rwanda
0%
Sierra Leone
0%
Slovakia
0%
Slovenia
0%
Somalia
0%
South Sudan
0%
Sudan
0%
Syria
0%
Tajikistan
0%
Tanzania
0%
Togo
0%
Tunisia
0%
Turkey
0%
Turkmenistan
0%
Uganda
0%
Uzbekistan
0%
No matching quizzes found
Score Distribution
Percent of People with Each Score
Percentile by Number Answered
Your Score History
You have not taken this quiz